Az önkéntes történész 100 éve született Fogarassy László

Bibliographic Details
Main Author: Lacza, Tihamér, 1948- (Author)
Format: Article
Language:Hungarian
PhysicalDescription:Fotografie
ISSN:2585-9129
Subjects:

MARC

LEADER 00000cab a2200000 4500
001 vtls011915828
003 SK-MaSNL
005 20260318114659.0
008 200206|2020 xo |||| || ||00 0|hun
015 |a SNBRB2020/01 
040 |a DSZK  |b slo  |c DSZK  |e rda 
041 |a hun 
043 |a e-xo--- 
044 |a xo  |c SK 
072 7 |a 930  |x Historická veda. Pomocné vedy historické. Archívnictvo  |2 konspekt 
080 |a 930-051(437.6)  |2 2011 
100 1 |a Lacza, Tihamér,  |d 1948-  |4 aut  |9 100533 
245 1 3 |a Az önkéntes történész  |b 100 éve született Fogarassy László  |c Lacza Tihamér 
300 |b Fotografie 
336 |a text  |b txt  |2 rdacontent 
337 |a bez média  |b n  |2 rdamedia 
338 |a zväzok  |b nc  |2 rdacarrier 
600 1 7 |a Fogarassy, László  |d 1920-1994  |t Magyar cserkészmozgalom Csehszlovákiában 1919-1939  |2 dszk  |9 1598337 
650 0 7 |a historici  |2 SNKPH  |9 54543 
651 7 |a Bratislava (Slovensko)  |2 SNKPHgeo  |9 14568 
773 0 |t Magyar7  |g Évf. III, sz. 4 (2020), o. 28  |x 2585-9129 
958 |a HU 
958 |a SK 
999 |c 3287571  |d 3289501